| 000 | 01342cam a22003011i 4500 | ||
|---|---|---|---|
| 003 | SA-RiAUC | ||
| 005 | 20241202124537.0 | ||
| 008 | 241201s2002 su g 000 0 ara c | ||
| 020 | _a9776052452 | ||
| 040 |
_aSA-JeALM _bara _cSA-RiAUC _erda |
||
| 082 | 0 | 4 |
_a251.6 _qSA-RiAUC |
| 090 |
_a251.6 _b م ر ي |
||
| 100 | 1 |
_aالمريني، الجيلالي _eمؤلف. |
|
| 245 | 1 | 2 |
_aالقواعد الأصولية عند الإمام الشاطبي من خلال كتابه الموافقات / _cالجيلالي المريني. |
| 250 | _aالطبعة الأولى. | ||
| 264 | 1 |
_aالدمام، السعودية : _bدار ابن القيم، _c2002 |
|
| 300 |
_a440 صفحة؛ _c24 سم. |
||
| 336 |
_aنص _btxt _2rdacontent _3كتاب |
||
| 337 |
_aبدون وسيط _bn _2rdamedia |
||
| 338 |
_aمجلد _bnc _2rdacarrier |
||
| 500 | _aالأصل أطروحة (ماجستير)-جامعة القرويين. | ||
| 650 | 7 |
_aالقواعد الفقهية _2aucsh |
|
| 650 | 7 |
_aأصول الفقه الإسلامي _2aucsh |
|
| 700 | 1 | 2 |
_aالشاطبي، إبراهيم بن موسى بن محمد، _dتوفي 790 هجري. _iشرح لـ (عمل) : _tالموافقات في أصول الشريعة. |
| 740 | 2 | 2 | _aالموافقات في أصول الشريعة. |
| 942 |
_2ddc _cBOOK _n0 |
||
| 949 |
_aSA-JeALM _d241201 _uosman123 _n1 |
||
| 999 |
_c2917 _d2917 |
||